Quizzes
Events
Quiz Creation
Community
Videos
Private Events
Remove Ads
Sign In
Join for FREE
Feedback
Dark Mode
Quiz Categories
Sports
Geography
Music
Movies
Television
Just For Fun
Miscellaneous
History
Literature
Language
Science
Gaming
Entertainment
Religion
Holiday
For Kids
Quiz Lab
Recent
Popular Today
Quiz Kudos Today
Editor Picks
Curator Picks
Quizzes by...
Day
Popularity
Type
Ratings
Length
Year
Community
Subscriptions
Recent Discussions
Orange Saloon
Badges
Playlists
Quests
Create
Leaderboards
Showdown
Live 5
Trivia Bingo
Activity
Puzzle Library
Sporcle Events
Private Events
Virtual Trivia
Globe League
Become a Host
Pub Owners
SporcleCon
Opinionation
Our Games
Videos
Blog
Mobile Apps
Partnerships
Remove Ads and Go Orange
Feedback
Geography
Country
Landmarks
City
State
Population
World
Capital
Continent
Flags
Europe
Africa
Asia
South America
North America
Oceania
Border
Canada
United Kingdom
Topography
United States
Geography
Country
Landmarks
City
State
Population
World
Capital
Continent
Flags
Europe
Africa
Asia
South America
North America
Oceania
Border
Canada
United Kingdom
Topography
United States
Random Quiz
Search Sporcle
×
Quiz Lab
Quiz Lab
Geography
Population
Type in answers that appear in a list
Type in answers that appear in a list
Classic
Best Score? Go Orange.
Populous States 2014 Stats
Can you name the states in order of their 2014 population estimates?
By
awesomesauce314
12m
50 Questions
60 Plays
60 Plays
60 Plays
Comments
Comments
Give Quiz Kudos
Give Quiz Kudos
-
- Ratings
hide this ad
Forced Order
Answers have to be entered in order
Answers have to be entered in order
Replay
Link that replays current quiz
Next Quiz
Link to next quiz in quiz playlist
You Got
0%
They Got
Avg Score
86%
Avg Friend Score
Upgrade to see
Score Distribution
Jump to the score distribution portion of the page
Score
0/50
Timer
12:00
0
Plays Today
Rank
State
% Correct
1
California
100%
2
Texas
100%
3
Florida
100%
4
New York
98.3%
5
Illinois
98.3%
6
Pennsylvania
96.7%
7
Ohio
96.7%
8
Georgia
96.7%
10
Michigan
95%
12
Virginia
93.3%
9
North Carolina
91.7%
11
New Jersey
91.7%
13
Washington
91.7%
15
Arizona
91.7%
21
Minnesota
88.3%
16
Indiana
86.7%
17
Tennessee
86.7%
20
Wisconsin
86.7%
41
Maine
86.7%
50
Wyoming
86.7%
14
Massachusetts
85%
19
Maryland
85%
23
Alabama
85%
40
Hawaii
85%
46
South Dakota
85%
Rank
State
% Correct
47
North Dakota
85%
48
Alaska
85%
49
Vermont
85%
18
Missouri
83.3%
22
Colorado
83.3%
25
Louisiana
83.3%
27
Oregon
83.3%
30
Iowa
83.3%
42
New Hampshire
83.3%
24
South Carolina
81.7%
28
Oklahoma
81.7%
31
Mississippi
81.7%
26
Kentucky
80%
33
Utah
80%
34
Kansas
80%
43
Rhode Island
80%
44
Montana
80%
45
Delaware
80%
35
Nevada
78.3%
36
New Mexico
78.3%
39
Idaho
78.3%
29
Connecticut
76.7%
37
Nebraska
76.7%
32
Arkansas
75%
38
West Virginia
75%
Quiz Playlist
Details
Report
Send in Message
Add To Playlist
Classic:
Type in answers that appear in a list
Forced Order:
Answers have to be entered in order
Last Updated: Feb 16, 2017
Quiz Scoreboard
CHALLENGE
Sign Up to Join the Scoreboard
Show All
Scores
Hide
Comments
May contain spoilers
Recently Published
Presidents Visiting Landmarks
by Hejman
History
7m
An Introduction to Baseball
by treessimontrees
Sports
5m
Movies - When Are They Set?
by FPL_Elf
Movies
5m
More to Explore
Quiz From the Vault
Featured Blog Post
Where Did the Easter Bunny Come From?
hide this ad
You Might Also Like...
Tags
Population Quiz
State Quiz
2014
Today's Top Quizzes in Geography
Browse Geography
hide this ad
Today's Top Quizzes in Population
Browse Population
Top Contributed Quizzes in Geography
1
Countries of the World - No Outlines Minefield
2
Top 25 Cities of France on a map
3
Any capital of a 'B' country per Continent
4
Closest Countries to UK A-Z
5
Any capital of a 'C' country per Continent
6
One Thing in Common: United Kingdom
7
Any capital of a 'D' country per Continent
8
Find the Provinces of Canada - No Outlines Minefield
9
5-to-1: US Geography No Hints
10
Any capital of an 'E' country per Continent
Explore More
Trending Topics
Kpop
Marvel
Disney
NBA
Crossword
Anime
Harry Potter
NFL
WWE
Puzzle
Soccer
Country
Song
Pokémon
The Office
hide this ad
More By:
awesomesauce314
Quiz
Plays
Rating
Category
Featured
Created
More from 2014
1,394
3.64
History
Dec 29, 2014
AP Art History 250
1,394
1.50
History
Apr 26, 2017
Big 5 Leagues (Europe)
596
3.07
Sports
Apr 19, 2014
Populous African Metros Minefield
525
2.40
Geography
Feb 13, 2012
Countries by Population of Biggest 3 Metro Areas
478
3.33
Geography
Feb 19, 2012
Go to Creator's Profile
Score Distribution
Quiz Creator Spotlight
awesomesauce314
Follow
Send a Message
Quizzes Created
-
Created Quiz Play Count
-
More By This Creator
Popular Quizzes Today
1
Find the US States - No Outlines Minefield
2
Find the Countries of Europe - No Outlines Minefield
3
The Countries of the World
4
Find the US States
5
Popular People in 1961
6
US States
7
Risky Map Clicking: Biggest States A-Z
8
1-10 Letter E Words III
More Geography Quizzes
Prove You Aren't a Robot - M-ending Countries of Europe
Quiz Lab
Trending Quizzes
Risky Map Clicking: Least Populous States A-Z
1-10 Letter G Words
1-10 Letter F Words
One Thing in Common: United Kingdom
Risky Map Clicking: Next State Alphabetically
Recently Updated
Leaping Animals
pecheneg
Reality TV Shows (A-Z)
bhenderson79
Rickey Henderson's Hall of Fame Teammates
pecheneg
Champions League XIs: Arsenal
pecheneg
Quick Pick: Celebrities in WWE's Hall of Fame
aduchscher
A-Z Keypad Blitz II
pecheneg
Multiple Oscar Actors
pecheneg
Mystery Phrase Blitz: Oscar 'Best Actors'
pecheneg
F. Scott Fitzgerald Novels
LTH
Pick 3 Villains
ddd62291
Trending Topics
Marvel
Disney
Crossword
Anime
Harry Potter
Kpop
NBA
Puzzle
The Office
WWE
Country
NFL
Song
Soccer
Pokémon
Your Account Isn't Verified!
In order to create a playlist on Sporcle, you need to verify the email address you used during registration. Go to your
Sporcle Settings
to finish the process.
Report this User
Report this user for behavior that violates our
Community Guidelines
.
Details:
Send Report
Go to the Sporcle.com Mobile Site →
Comments